Villes des Pères de l'Eglise - Statistiques

Statistiques générales
  • Ce quiz a été pris 37 fois
  • Le résultat moyen est 7 sur 24
Statistiques - réponses
Par images Réponse % Correct
Athènes
90%
Poitiers
70%
Rome
70%
Alexandrie
60%
Lyon
60%
Milan
60%
Carthage
50%
Jérusalem
50%
Constantinople
30%
Antioche
20%
Arles
20%
Bethléem
20%
Césarée en Cappadoce
10%
Chalcédoine
10%
Ephèse
10%
Hippone
10%
Mont-Cassin
10%
Nazianze
10%
Nicée
10%
Nisibe
10%
Nursie
10%
Nysse
10%
Stridon
10%
Trêves
10%
Aucun quiz correspondant
Distribution des résultats
% des personnes avec chaque résultat
Percentile par nombre de réponses
Votre historique - résultats
Vous n’avez pas pris ce quiz